000
00243nam a2200097Ia 4500
008
240331s9999 xx 000 0 und d
082
_b
RAM
100
_a
Ramakrishnanan, N
245
0
_a
Aung San Suii Kyi :
_b
Burmavin jananayakap porali
942
_c
L
999
_c
1861
_d
1861